000 02044nam0a2200385 4500
001 RU\NLR\bibl\939765
005 20260407073512.0
010 _a5-89194-141-4
_bВ пер.
_91500
021 _aRU
_b2006-10750
_9524
035 _a(nilc)RSL-KNO-002854598
035 _a(NLR Aleph) 000927950
090 _a141509
_c141509
100 _a20060323d2006 |||y0rusy50 ca
101 0 _arus
102 _aRU
105 _ay |||||||||
106 _ar
200 1 _aКомментарий к Федеральному закону о несостоятельности (банкротстве)
_f[Андреев С. Е. доц. и др.]
_gпод ред. засл. деят. науки Рос. Федерации, д. ю. н., проф. В. В. Залесского
210 _aМосква
_cИзд. Тихомирова М. Ю.
_d2006
215 _a616 с.
_d22
606 1 _aБанкротство
_jЗаконодательные материалы
_jКомментарии
_yРоссийская Федерация
_91542020
_3RU\NLR\auth\66973594
610 0 _aГосударство и право. Юридические науки -- Гражданский процесс -- Российская Федерация -- Конкурсное право и конкурсное судопроизводство -- Комментарий к закону
686 _aХ629.218.94-328.1"2002"23
_2rubbk
686 _aХ623.012.01-39(2Р)
702 1 _4220
_8rus
_7ca
_aАндреев
_bС. Е.
_cканд. юрид. наук
_gСергей Евгеньевич
_3RU\NLR\AUTH\7739643
_922627
702 1 _4340
_8rus
_7ca
_aЗалесский
_bВ. В.
_f1925-2008
_gВиктор Васильевич
_3RU\NLR\AUTH\7719037
_92112
741 1 _aРоссийская Федерация
_tЗаконы
_3RU\NLR\AUTH\883331
_9277893
801 0 _aRU
_bРКП
_c20060323
_grcr
801 1 _aRU
_bРГБ
_c20060323
801 2 _aRU
_bNLR
_c20060427
_grcr
830 _aавт. и ред. по кн.
942 _cBOOK
980 _aNB